书目信息 |
| 题名: |
创意起底
|
|
| 作者: | 卜希霆 主编 | |
| 分册: | ||
| 出版信息: | 北京 中国国际广播出版社 2009.01 |
|
| 页数: | 251页 | |
| 开本: | 24cm | |
| 丛书名: | ||
| 单 册: | ||
| 中图分类: | G124 | |
| 科图分类: | ||
| 主题词: | 文化产业--研究--中国 , 文化产业 | |
| 电子资源: | ||
| ISBN: | 978-7-5078-2954-9 | |
| 000 | 01134nam0 2200265 450 | |
| 001 | 010700061060 | |
| 005 | 20130609083240.07 | |
| 010 | @a978-7-5078-2954-9@dCNY28.00@z7-5078-2954-5 | |
| 100 | @a20090209d2009 em y0chiy0110 ea | |
| 101 | 0 | @achi |
| 102 | @aCN@b110000 | |
| 105 | @ay z 000yy | |
| 106 | @ar | |
| 200 | 1 | @a创意起底@9chuang yi qi di@e文化创意产业先锋思维解码@f卜希霆主编 |
| 210 | @a北京@c中国国际广播出版社@d2009.01 | |
| 215 | @a251页@d24cm | |
| 330 | @a本书是创意先锋人物在中国传媒大学所作精彩演讲的实录,他们是洪晃、崔永元、张亚东、徐静蕾、刘烨、郑渊洁、《武林外传》及《士兵突击》剧组。精彩的演说内容让读者领略到这些先锋人物独特的创意思维及幽默的个人智慧,带我们品读不一样的精彩人生,探索选择自己的创新之路。本书凝聚了中国传媒大学近两年的文化创意产业相关学术实践活动的精髓和专家的相关评论及研究成果。 | |
| 510 | 1 | @aOrigin of creative@zeng |
| 517 | 1 | @a文化创意产业先锋思维解码@9wen hua chuang yi chan ye xian feng si wei jie ma |
| 606 | 0 | @a文化产业@x研究@y中国 |
| 606 | 0 | @a文化产业 |
| 690 | @aG124@v4 | |
| 701 | 0 | @a卜希霆@9bu xi ting@4主编 |
| 801 | 0 | @aCN@bRENTIAN@c20090209 |
| 905 | @dG124@e124 | |
| 创意起底:文化创意产业先锋思维解码/卜希霆主编.-北京:中国国际广播出版社,2009.01 |
| 251页;24cm |
| ISBN 978-7-5078-2954-9:CNY28.00 |
| 本书是创意先锋人物在中国传媒大学所作精彩演讲的实录,他们是洪晃、崔永元、张亚东、徐静蕾、刘烨、郑渊洁、《武林外传》及《士兵突击》剧组。精彩的演说内容让读者领略到这些先锋人物独特的创意思维及幽默的个人智慧,带我们品读不一样的精彩人生,探索选择自己的创新之路。本书凝聚了中国传媒大学近两年的文化创意产业相关学术实践活动的精髓和专家的相关评论及研究成果。 |
| ● |
| 相关链接 |
|
|
|
|
正题名:创意起底
索取号:G124/124
 
预约/预借
| 序号 | 登录号 | 条形码 | 馆藏地/架位号 | 状态 | 备注 |
| 1 | 0545037 | 205450377 | 第一样本阅览室/ [索取号:G124/124] | 在馆 | |
| 2 | 0545038 | 205450386 | 第四借阅区/ [索取号:G124/124] | 在馆 | |
| 3 | 0545039 | 205450395 | 第四借阅区/ [索取号:G124/124] | 在馆 | |
| 4 | 0545040 | 205450402 | 第四借阅区/ [索取号:G124/124] | 在馆 | |
| 5 | 0545041 | 205450411 | 第四借阅区/ [索取号:G124/124] | 在馆 |